Prace z ekonometrii finansowej

Saved in:
Bibliographic Details
Other Authors: Appenzeller, Dorota
Format: Book
Language:Polish
English
Published: Poznan Wydawnictwo Akademii Ekonomicznej w Poznaniu 2007
Series:Zeszyty naukowe 84
Subjects:
Tags: Add Tag
No Tags, Be the first to tag this record!

MARC

LEADER 00000nam$a2200000$$$4500
001 0060261
005 20240109071135.5
020 |a 978-83-7417-220-2 
022 |a 1641-2168 
041 0 |a pol 
041 0 |a eng 
044 |a PL 
245 1 0 |a Prace z ekonometrii finansowej  |c redaktor naukowy: Dorota Appenzeller 
264 1 |a Poznan  |b Wydawnictwo Akademii Ekonomicznej w Poznaniu  |c 2007 
300 |a 256 s. 
490 1 |a Zeszyty naukowe  |v 84 
830 0 |a Zeszyty naukowe  |v 84 
610 2 0 |a ekonometria 
610 2 0 |a modelovanie ekonometrické 
610 2 0 |a modely ekonomicko-matematické 
610 2 0 |a simulácia 
610 2 0 |a Poľsko 
700 1 |a Appenzeller, Dorota